| 000 | 01208cam a2200529 4500 | ||
|---|---|---|---|
| 001 | J98583 | ||
| 008 | 090401t1999 xxu||||| |||| 00| 0 eng d | ||
| 035 | _a(Sirsi) u93309 | ||
| 041 | _aeng | ||
| 050 | _a333.337 | ||
| 110 |
_aChesterton _92357 |
||
| 245 | _aCity centre office markets 1999 - the regional picture. | ||
| 260 |
_aLondon _bChesterton _c1999 |
||
| 300 | _a7p. ; 30cm. | ||
| 350 | _a0 | ||
| 650 | _aABERDEEN | ||
| 650 | _aBIRMINGHAM | ||
| 650 | _aBRISTOL | ||
| 650 | _aCARDIFF | ||
| 650 | _aCITY OF LONDON | ||
| 650 | _aCROYDON | ||
| 650 | _aDOCKLANDS | ||
| 650 | _aEDINBURGH | ||
| 650 | _aEXETER | ||
| 650 | _aFLOORSPACE | ||
| 650 | _aGLASGOW | ||
| 650 | _aLEEDS | ||
| 650 | _aMANCHESTER | ||
| 650 | _aMIDTOWN | ||
| 650 | _aMILTON KEYNES | ||
| 650 | _aNEWCASTLE UPON TYNE | ||
| 650 | _aNORWICH | ||
| 650 | _aNOTTINGHAM | ||
| 650 | _aOFFICES | ||
| 650 | _aOXFORD | ||
| 650 | _aPLYMOUTH | ||
| 650 | _aREADING | ||
| 650 | _aRENT | ||
| 650 | _aSHEFFIELD | ||
| 650 | _aSOUTHAMPTON | ||
| 650 | _aSWINDON | ||
| 650 | _aWEST END OF LONDON | ||
| 650 | _aYIELDS | ||
| 690 | _aPROPERTY-COMMERCIAL PROPERTY | ||
| 942 | _n0 | ||
| 948 | _c12/05/1999 | ||
| 999 |
_c97822 _d97822 |
||